[Event "26th Klatovy B 2018"]
[Site "Klatovy CZE"]
[Date "2018.07.03"]
[Round "4.30"]
[White "Leseticky, Vladimir"]
[Black "Bauer, Jan 2005"]
[Result "1-0"]
[WhiteElo "1730"]
[BlackElo "1415"]
[PlyCount "77"]
[EventDate "2018.06.30"]
[EventType "swiss"]
[EventRounds "9"]
[EventCountry "CZE"]

1. e4 e5 2. Nf3 Nc6 3. Bc4 Nf6 4. d3 Be7 5. O-O O-O 6. a3 d6 7. h3 b6 8. Bg5 Bb7 9. Nc3 Nd7 10. Qd2 Nd4 11. Be3 Nxf3+ 12. gxf3 Kh8 13. f4 f5 14. Bd5 c6 15. Be6 g5 16. f3 gxf4 17. Bf2 fxe4 18. dxe4 Qe8 19. Kh2 Nf6 20. Rg1 Bc8 21. Bxc8 Rxc8 22. Bh4 Nxe4 23. Nxe4 Bxh4 24. Qxd6 Qh5 25. Rg4 Rfe8 26. Nf6 Bg3+ 27. Kg2 Rcd8 28. Qxd8 Rxd8 29. Nxh5 Rd2+ 30. Kg1 Bf2+ 31. Kf1 Be3 32. Nf6 Rd8 33. Ne4 h5 34. Rg5 Kh7 35. Ke2 Kh6 36. Rd1 Rf8 37. Rd6+ Kh7 38. Rdg6 Rf7 39. Nf6+ 1-0

[Event "26th Klatovy B 2018"]
[Site "Klatovy CZE"]
[Date "2018.07.03"]
[Round "4.31"]
[White "Janous, Marek"]
[Black "Mareska, Daniel"]
[Result "1/2-1/2"]
[WhiteElo "1394"]
[BlackElo "1697"]
[PlyCount "53"]
[EventDate "2018.06.30"]
[EventType "swiss"]
[EventRounds "9"]
[EventCountry "CZE"]

1. e4 c5 2. Nf3 e6 3. d4 cxd4 4. Nxd4 a6 5. Bd3 Qc7 6. O-O Nc6 7. Nxc6 bxc6 8. Qe2 d5 9. e5 c5 10. c4 Ne7 11. Nc3 d4 12. Ne4 Qxe5 13. g3 Qc7 14. Qf3 Bb7 15. Nd6+ Qxd6 16. Qxb7 Qc6 17. Be4 Qxb7 18. Bxb7 Ra7 19. Be4 Kd7 20. Bd2 Nc6 21. f4 Bd6 22. Rae1 Rb7 23. b3 Rbb8 24. Kg2 h6 25. Re2 Rhf8 26. Rff2 Rbe8 27. Rf1 1/2-1/2

[Event "26th Klatovy B 2018"]
[Site "Klatovy CZE"]
[Date "2018.07.03"]
[Round "4.32"]
[White "Garabik, Marek"]
[Black "Kovar, Vaclav 1953"]
[Result "0-1"]
[WhiteElo "1399"]
[BlackElo "1688"]
[PlyCount "56"]
[EventDate "2018.06.30"]
[EventType "swiss"]
[EventRounds "9"]
[EventCountry "CZE"]

1. e4 e5 2. f4 exf4 3. Nf3 d6 4. Bc4 Be6 5. Bb3 Bxb3 6. axb3 Nf6 7. Nc3 Nc6 8. d4 Be7 9. Bxf4 Qd7 10. O-O O-O 11. e5 Nh5 12. Bg5 g6 13. Bh6 Ng7 14. Qe1 Rfe8 15. Rd1 Nf5 16. Qd2 dxe5 17. Be3 Nxe3 18. Qxe3 exd4 19. Nxd4 Bc5 20. Qf4 Bxd4+ 21. Kh1 Qe6 22. Nb5 Bb6 23. h3 f5 24. Rfe1 Qf7 25. Rxe8+ Rxe8 26. Nc3 Be3 27. Qg3 f4 28. Qh4 Nd4 0-1

[Event "26th Klatovy B 2018"]
[Site "Klatovy CZE"]
[Date "2018.07.03"]
[Round "4.33"]
[White "Vavrousek, Petr"]
[Black "Soucek, Jan"]
[Result "1-0"]
[WhiteElo "1686"]
[BlackElo "1440"]
[PlyCount "123"]
[EventDate "2018.06.30"]
[EventType "swiss"]
[EventRounds "9"]
[EventCountry "CZE"]

1. e4 e5 2. Nf3 Nc6 3. Bb5 a6 4. Bxc6 dxc6 5. O-O Bg4 6. h3 h5 7. d3 Qf6 8. Nbd2 Ne7 9. Re1 Bd7 10. Nc4 Ng6 11. Be3 Bd6 12. d4 Qe6 13. Ncxe5 Nxe5 14. Nxe5 Bxe5 15. dxe5 Qxe5 16. c3 O-O-O 17. Qd4 Qxd4 18. Bxd4 Rhg8 19. f4 Rde8 20. Kf2 b6 21. b4 g6 22. Bf6 Be6 23. a4 Bc4 24. Rad1 Bb3 25. Ra1 Bc4 26. e5 Kb7 27. Re4 b5 28. Rd4 Be6 29. a5 Kc8 30. Rad1 Rgf8 31. Kg3 Rg8 32. Kh4 Rgf8 33. Kg5 Rg8 34. g4 hxg4 35. hxg4 Bd5 36. R1d2 Kb7 37. Rh2 Kc8 38. Rh6 Kd7 39. Rh7 Ke6 40. Rd2 Rc8 41. Bg7 Be4 42. Rd4 Bb1 43. Bf6 Ba2 44. Rh2 Bd5 45. Rhd2 Rce8 46. Kh6 Rc8 47. Rf2 Rge8 48. f5+ gxf5 49. gxf5+ Kd7 50. Rfd2 Rb8 51. Kg7 Rg8+ 52. Kh7 Rge8 53. c4 bxc4 54. Rxc4 Ra8 55. Rcd4 Rab8 56. Rg2 Rxb4 57. e6+ Kd6 58. exf7 Rf8 59. Rxd5+ cxd5 60. Kg7 Rxf7+ 61. Kxf7 d4 62. Be7+ 1-0

[Event "26th Klatovy B 2018"]
[Site "Klatovy CZE"]
[Date "2018.07.03"]
[Round "4.34"]
[White "Pecka, Jan"]
[Black "Kubat, Zbynek"]
[Result "1-0"]
[WhiteElo "1383"]
[BlackElo "1681"]
[PlyCount "117"]
[EventDate "2018.06.30"]
[EventType "swiss"]
[EventRounds "9"]
[EventCountry "CZE"]

1. e4 e5 2. f4 d6 3. Nf3 exf4 4. Bc4 Be6 5. Bb3 Nd7 6. O-O Ne5 7. d4 Nxf3+ 8. Qxf3 Bxb3 9. Qxb3 b6 10. Bxf4 Qd7 11. Nc3 f6 12. Rae1 O-O-O 13. a4 a5 14. Qc4 Ne7 15. Qa6+ Kb8 16. Rb1 Qc8 17. Qc4 c5 18. d5 Ng6 19. Nb5 Ne5 20. Bxe5 fxe5 21. c3 Rd7 22. Kh1 Be7 23. b3 Rf8 24. Rxf8 Bxf8 25. Qf1 Qe8 26. Rb2 Rf7 27. Rf2 Rxf2 28. Qxf2 Qe7 29. Qf3 Qf6 30. Qxf6 gxf6 31. Kg1 Kc8 32. Kf2 Kd7 33. Kf3 h5 34. h4 Bh6 35. g4 hxg4+ 36. Kxg4 Bc1 37. Kf5 Ke7 38. Kg6 Bd2 39. h5 Bc1 40. h6 Bxh6 41. Kxh6 f5 42. exf5 e4 43. c4 e3 44. Nc3 Kf6 45. Kh7 Kxf5 46. Kg7 Ke5 47. Kf7 Kd4 48. Ne2+ Kd3 49. Ng3 Kc3 50. Ke6 Kxb3 51. Kxd6 Kxc4 52. Ke6 Kb4 53. d6 Kxa4 54. d7 c4 55. d8=Q b5 56. Qd1+ Ka3 57. Qa1+ Kb4 58. Ne4 a4 59. Qc3# 1-0

[Event "26th Klatovy B 2018"]
[Site "Klatovy CZE"]
[Date "2018.07.03"]
[Round "4.35"]
[White "Prazak, Daniel"]
[Black "Skalny, Petr"]
[Result "1-0"]
[WhiteElo "1364"]
[BlackElo "1665"]
[PlyCount "70"]
[EventDate "2018.06.30"]
[EventType "swiss"]
[EventRounds "9"]
[EventCountry "CZE"]

1. d4 Nf6 2. c4 e6 3. Nc3 d5 4. cxd5 exd5 5. Bg5 c6 6. e3 Bf5 7. Qf3 Bg6 8. Bxf6 gxf6 9. Qd1 Nd7 10. Be2 Qa5 11. Nf3 Bb4 12. Qb3 O-O-O 13. a3 Bd6 14. O-O f5 15. g3 h5 16. Qa4 Qb6 17. b4 Rdg8 18. Bd3 f4 19. Bxg6 Rxg6 20. Rac1 Kb8 21. Nxd5 cxd5 22. Qxd7 fxg3 23. fxg3 Qa6 24. Ne5 Bxe5 25. dxe5 Qb6 26. Rf3 h4 27. Qxf7 hxg3 28. Qf8+ Qd8 29. Qxd8+ Rxd8 30. hxg3 Re8 31. Kg2 b6 32. Rf6 Rg5 33. e6 Re5 34. Kf3 R5xe6 35. Rxe6 Rxe6 1-0

[Event "26th Klatovy B 2018"]
[Site "Klatovy CZE"]
[Date "2018.07.03"]
[Round "4.36"]
[White "Privoznik, Lubos"]
[Black "Filip, Stepan"]
[Result "1-0"]
[WhiteElo "1665"]
[BlackElo "1307"]
[PlyCount "91"]
[EventDate "2018.06.30"]
[EventType "swiss"]
[EventRounds "9"]
[EventCountry "CZE"]

1. e4 d5 2. exd5 Qxd5 3. Nc3 Qa5 4. d4 c6 5. Nf3 Nf6 6. Bd2 Qc7 7. Bc4 Bg4 8. h3 Bh5 9. Qe2 e6 10. Qd3 Bg6 11. Qe2 Bd6 12. O-O-O Nbd7 13. Rhe1 O-O-O 14. g3 Rhe8 15. Nh4 e5 16. d5 cxd5 17. Bxd5 Nxd5 18. Nxg6 Nxc3 19. Bxc3 hxg6 20. Qb5 Qc5 21. Qb3 f6 22. Rd5 Qc6 23. Red1 Nb6 24. Rb5 Qc4 25. Rxb6 Qxb3 26. Rxb3 Bc5 27. f3 Rxd1+ 28. Kxd1 Rd8+ 29. Ke2 g5 30. Be1 Kc7 31. Rc3 Kd6 32. Rd3+ Ke7 33. Rxd8 Kxd8 34. Kd3 Kd7 35. Ke4 Ke6 36. g4 g6 37. b4 Bd4 38. c4 f5+ 39. Kd3 b6 40. Bd2 f4 41. Ke4 Bf2 42. Bc3 Be3 43. Bxe5 Bd2 44. b5 Bb4 45. Bb8 Bc5 46. Bxa7 1-0

[Event "26th Klatovy B 2018"]
[Site "Klatovy CZE"]
[Date "2018.07.03"]
[Round "4.38"]
[White "Stanke, Petr"]
[Black "Stvan, Marek"]
[Result "0-1"]
[WhiteElo "1378"]
[BlackElo "1637"]
[PlyCount "94"]
[EventDate "2018.06.30"]
[EventType "swiss"]
[EventRounds "9"]
[EventCountry "CZE"]

1. e4 c5 2. Nf3 d6 3. d4 cxd4 4. Nxd4 Nf6 5. Nc3 Nc6 6. g3 g6 7. Nb3 Bg7 8. Be3 O-O 9. Qd2 Be6 10. Bh6 a6 11. Bxg7 Kxg7 12. O-O-O b5 13. Nd5 Nxe4 14. Qe3 Bxd5 15. Rxd5 Nf6 16. Qc3 Ne5 17. Rd1 Rc8 18. Qe3 Qc7 19. Bd3 Nxd3+ 20. Qxd3 Qc4 21. Qxc4 Rxc4 22. f3 Rfc8 23. Rd2 d5 24. Re1 e6 25. Kb1 Nd7 26. c3 R4c7 27. Na5 Nb6 28. Rd4 Nc4 29. Nxc4 Rxc4 30. Red1 Rxd4 31. Rxd4 Kf6 32. Kc2 Rc4 33. Kd3 Ke5 34. f4+ Kd6 35. b3 Rxd4+ 36. Kxd4 f6 37. a3 e5+ 38. Ke3 e4 39. c4 f5 40. Kd4 dxc4 41. bxc4 bxc4 42. Kxc4 Kc6 43. h3 h6 44. g4 h5 45. a4 hxg4 46. hxg4 fxg4 47. Kd4 g3 0-1

[Event "26th Klatovy B 2018"]
[Site "Klatovy CZE"]
[Date "2018.07.03"]
[Round "4.39"]
[White "Day, Tobias"]
[Black "Kirs, Pavel"]
[Result "1/2-1/2"]
[WhiteElo "1287"]
[BlackElo "1579"]
[PlyCount "109"]
[EventDate "2018.06.30"]
[EventType "swiss"]
[EventRounds "9"]
[EventCountry "CZE"]

1. e4 e5 2. Nf3 Nc6 3. Bc4 Bc5 4. d3 Nf6 5. Nc3 h6 6. Be3 Bb6 7. h3 d6 8. Qd2 Be6 9. Bb3 Qe7 10. Nd5 Bxe3 11. fxe3 Bxd5 12. exd5 Nd8 13. Rf1 Nd7 14. Qf2 g5 15. Nd2 a6 16. Ne4 b6 17. Ba4 b5 18. Bb3 Nb7 19. a4 Nbc5 20. axb5 Nxe4 21. dxe4 Nc5 22. Bc4 Nxe4 23. Qf3 Nc5 24. bxa6 O-O 25. Qh5 Kg7 26. Rh1 f5 27. h4 g4 28. g3 Qd7 29. Rg1 Qe7 30. b4 Nd7 31. Ke2 e4 32. Raf1 Qe5 33. Kd2 Nb6 34. Bb3 Nxd5 35. Bxd5 Qxd5+ 36. Ke2 Qb5+ 37. Kf2 Qxb4 38. Kg2 Qc5 39. Kh1 Rxa6 40. Rf2 Ra5 41. Rgf1 Kh7 42. c4 Qe5 43. Rf4 Kg7 44. Kg1 Ra4 45. Rxf5 Qxg3+ 46. Kh1 Qh3+ 47. Kg1 Qxe3+ 48. Kh1 Rxf5 49. Qxg4+ Kh8 50. Qxf5 Ra8 51. Qf6+ Kh7 52. Qf5+ Kh8 53. Qf6+ Kh7 54. Qe7+ Kh8 55. Qf6+ 1/2-1/2

[Event "26th Klatovy B 2018"]
[Site "Klatovy CZE"]
[Date "2018.07.03"]
[Round "4.40"]
[White "Simunek, Jakub Simon"]
[Black "Gorej, Vojtech"]
[Result "0-1"]
[WhiteElo "1578"]
[BlackElo "1633"]
[PlyCount "74"]
[EventDate "2018.06.30"]
[EventType "swiss"]
[EventRounds "9"]
[EventCountry "CZE"]

1. d4 d5 2. c4 dxc4 3. e3 e5 4. Bxc4 exd4 5. Nf3 Bb4+ 6. Bd2 c5 7. Bxb4 cxb4 8. Ne5 Be6 9. Bxe6 fxe6 10. Qh5+ Ke7 11. Qg5+ Ke8 12. Qxd8+ Kxd8 13. Nf7+ Ke7 14. Nxh8 dxe3 15. fxe3 Nc6 16. O-O Nf6 17. Nd2 Rxh8 18. Nb3 Rd8 19. Rfd1 Rxd1+ 20. Rxd1 a5 21. h3 a4 22. Nd4 Nxd4 23. Rxd4 Nd5 24. e4 Nc7 25. Rxb4 b5 26. Kf2 e5 27. b3 a3 28. Ke3 h5 29. Kd3 Kd6 30. Rxb5 Nxb5 31. Kc4 Kc6 32. b4 h4 33. Kd3 Nd6 34. Kc3 Nxe4+ 35. Kb3 Nd2+ 36. Kc2 Nc4 37. Kc3 Kb5 0-1

[Event "26th Klatovy B 2018"]
[Site "Klatovy CZE"]
[Date "2018.07.03"]
[Round "4.41"]
[White "Juhanak, Daniel"]
[Black "Pucholt, Martin"]
[Result "1-0"]
[WhiteElo "1317"]
[BlackElo "1570"]
[PlyCount "91"]
[EventDate "2018.06.30"]
[EventType "swiss"]
[EventRounds "9"]
[EventCountry "CZE"]

1. d4 Nf6 2. g3 e6 3. Bg2 c6 4. Nf3 d5 5. O-O Nbd7 6. c4 dxc4 7. Nbd2 c3 8. bxc3 Be7 9. c4 O-O 10. e4 c5 11. d5 e5 12. Bb2 Bd6 13. Ne1 Re8 14. Nd3 Nb6 15. h3 Kh8 16. f4 Nfd7 17. fxe5 Nxe5 18. Nxe5 Bxe5 19. Bxe5 Rxe5 20. Rxf7 Bd7 21. Qf3 Re7 22. Rf1 Rxf7 23. Qxf7 Qe8 24. Qxe8+ Rxe8 25. e5 Kg8 26. e6 Ba4 27. Rf7 Bc2 28. Rxb7 Bd3 29. Bf1 Bxf1 30. Kxf1 Nc8 31. Rc7 Nd6 32. Rxc5 Rf8+ 33. Kg2 Rb8 34. Kf3 Kf8 35. Ne4 Nf5 36. Kf4 Ne7 37. Rb5 Rxb5 38. cxb5 Nxd5+ 39. Ke5 Ne7 40. a4 Nc8 41. Nd6 Nb6 42. a5 Na8 43. Nc8 Ke8 44. Nxa7 Nc7 45. Kd6 Kd8 46. e7+ 1-0

[Event "26th Klatovy B 2018"]
[Site "Klatovy CZE"]
[Date "2018.07.03"]
[Round "4.42"]
[White "Martinkova, Magdalena"]
[Black "Krisman, Ondrej"]
[Result "1-0"]
[WhiteElo "1186"]
[BlackElo "1566"]
[PlyCount "117"]
[EventDate "2018.06.30"]
[EventType "swiss"]
[EventRounds "9"]
[EventCountry "CZE"]

1. e4 e5 2. Nc3 Nf6 3. f4 d6 4. Nf3 Nc6 5. Bc4 h6 6. d3 a6 7. O-O Bg4 8. h3 Bxf3 9. Qxf3 Qd7 10. f5 O-O-O 11. Be3 Nb4 12. Bb3 d5 13. Bf2 d4 14. Ne2 a5 15. a3 Na6 16. Bh4 Bc5 17. Qg3 Nxe4 18. Qxg7 Rdg8 19. Qxf7 Qxf7 20. Bxf7 Rf8 21. Be6+ Kb8 22. Bg3 Nxg3 23. Nxg3 Be7 24. Ne4 Bf6 25. Rae1 Be7 26. f6 Bd6 27. f7 Ka7 28. c3 dxc3 29. bxc3 Nc5 30. Nxc5 Bxc5+ 31. Kh1 Bd6 32. d4 exd4 33. cxd4 Bxa3 34. Bd7 b6 35. Re8 Bd6 36. Rxf8 Bxf8 37. Re1 Bb4 38. Re8 Rf8 39. Bc6 Bd6 40. g4 Bb4 41. h4 a4 42. Rxf8 Bxf8 43. Bxa4 Ka6 44. g5 Ka5 45. Bc2 Kb4 46. gxh6 Bxh6 47. Be4 Kc4 48. d5 Kd4 49. Bb1 Kxd5 50. Kg2 Kd4 51. Kg3 Ke3 52. Kg4 c5 53. Kh5 Bf8 54. Kg6 Kd4 55. h5 Ke5 56. h6 Bxh6 57. Kxh6 Ke6 58. Kg7 Kd7 59. f8=Q 1-0

[Event "26th Klatovy B 2018"]
[Site "Klatovy CZE"]
[Date "2018.07.03"]
[Round "4.43"]
[White "Rychtecky, Pavel"]
[Black "Sykora, Vaclav"]
[Result "1-0"]
[WhiteElo "1547"]
[BlackElo "1529"]
[PlyCount "71"]
[EventDate "2018.06.30"]
[EventType "swiss"]
[EventRounds "9"]
[EventCountry "CZE"]

1. e4 d6 2. d4 Nf6 3. Nc3 g6 4. f4 Bg7 5. Nf3 O-O 6. Be2 Nbd7 7. e5 Ne8 8. O-O c6 9. Be3 Nb6 10. h3 e6 11. g4 dxe5 12. dxe5 Qxd1 13. Raxd1 Nd5 14. Nxd5 cxd5 15. Bc5 Bd7 16. Bxf8 Bxf8 17. c4 Nc7 18. Nd4 Bc5 19. Kg2 dxc4 20. Bxc4 Bc6+ 21. Kg3 Be4 22. Rfe1 Bd5 23. Bxd5 Nxd5 24. a3 a6 25. Kf3 Rd8 26. Nb3 Bb6 27. Rd3 Kf8 28. Rc1 Ke7 29. Nd2 Rd7 30. Ne4 f6 31. Nxf6 Nxf6 32. exf6+ Kd8 33. Rcd1 Rxd3+ 34. Rxd3+ Ke8 35. f7+ Kxf7 36. Rd7+ 1-0

[Event "26th Klatovy B 2018"]
[Site "Klatovy CZE"]
[Date "2018.07.03"]
[Round "4.44"]
[White "Matejicek, Vojtech"]
[Black "Kudrna, Miroslav"]
[Result "1-0"]
[WhiteElo "1393"]
[BlackElo "1539"]
[PlyCount "59"]
[EventDate "2018.06.30"]
[EventType "swiss"]
[EventRounds "9"]
[EventCountry "CZE"]

1. d4 e6 2. c4 d5 3. Nc3 Nf6 4. e3 Nbd7 5. Nf3 c5 6. Be2 cxd4 7. exd4 dxc4 8. Bxc4 Nb6 9. Bd3 Bb4 10. O-O h6 11. Bf4 Bd7 12. Rc1 Rc8 13. Ne4 O-O 14. a3 Nfd5 15. Bxh6 gxh6 16. axb4 Nxb4 17. Be2 Bc6 18. Nc3 Kh8 19. Qd2 Qf6 20. Ne5 Nc4 21. Bxc4 Bxg2 22. Kxg2 Rg8+ 23. Kh1 Rxc4 24. Qe3 Rcc8 25. Rg1 Rxg1+ 26. Rxg1 Nd5 27. Nxd5 exd5 28. Nxf7+ Qxf7 29. Qxh6+ Qh7 30. Qf6+ 1-0

[Event "26th Klatovy B 2018"]
[Site "Klatovy CZE"]
[Date "2018.07.03"]
[Round "4.45"]
[White "Beran, Jakub"]
[Black "Stross, Frantisek 1952"]
[Result "1-0"]
[WhiteElo "1349"]
[BlackElo "1506"]
[PlyCount "121"]
[EventDate "2018.06.30"]
[EventType "swiss"]
[EventRounds "9"]
[EventCountry "CZE"]

1. e4 e5 2. Nf3 Nc6 3. d4 d5 4. dxe5 dxe4 5. Qxd8+ Nxd8 6. Ng5 Bf5 7. f3 exf3 8. Nxf3 Bxc2 9. Nc3 Bb4 10. Bd2 Ne6 11. Bc4 Bxc3 12. Bxc3 Be4 13. O-O O-O-O 14. Bxe6+ fxe6 15. Ng5 Nh6 16. Nxe4 Nf5 17. Ng5 Rde8 18. Nf3 g6 19. Nd4 Ne3 20. Rf3 Nd5 21. Raf1 g5 22. Rg3 Rhg8 23. Bd2 g4 24. Rd3 c5 25. Nb5 Kb8 26. Nd6 Re7 27. a3 Rc7 28. Rc1 h5 29. b4 cxb4 30. Rxc7 Nxc7 31. Bxb4 Nd5 32. Bd2 a6 33. Rb3 Rg7 34. h3 gxh3 35. Rxh3 Rh7 36. Rf3 h4 37. Rf7 Rh5 38. Rxb7+ Ka8 39. Rb3 Rxe5 40. Nc4 Re2 41. Be3 e5 42. Kf1 Ra2 43. Nxe5 Ra1+ 44. Kf2 Ra2+ 45. Kf3 Ra1 46. Nc6 Rf1+ 47. Ke2 Rf8 48. Bf2 Nf4+ 49. Kf1 Rc8 50. Rb6 h3 51. gxh3 Nxh3 52. Be3 Rg8 53. Ke2 Re8 54. Kd3 Rf8 55. Kc4 Rh8 56. Kb4 Rh4+ 57. Ka5 Rh8 58. Kxa6 Rc8 59. a4 Re8 60. Rb7 Rc8 61. Ra7# 1-0

[Event "26th Klatovy B 2018"]
[Site "Klatovy CZE"]
[Date "2018.07.03"]
[Round "4.46"]
[White "Kura, Filip"]
[Black "Kotal, Vit"]
[Result "0-1"]
[WhiteElo "1267"]
[BlackElo "1464"]
[PlyCount "40"]
[EventDate "2018.06.30"]
[EventType "swiss"]
[EventRounds "9"]
[EventCountry "CZE"]

1. e4 c5 2. Nf3 Nc6 3. Nc3 e6 4. d4 cxd4 5. Nxd4 a6 6. Bc4 Qc7 7. O-O Nge7 8. Re1 Ng6 9. a3 Be7 10. Be3 O-O 11. Bb3 b5 12. Nxc6 dxc6 13. Qe2 Bb7 14. Rad1 Rfd8 15. Rd2 Rxd2 16. Bxd2 c5 17. Ba2 Rd8 18. Rd1 b4 19. axb4 cxb4 20. Na4 Qxc2 0-1

[Event "26th Klatovy B 2018"]
[Site "Klatovy CZE"]
[Date "2018.07.03"]
[Round "4.47"]
[White "Kotesovec, Jaroslav"]
[Black "Devera, Filip"]
[Result "1-0"]
[WhiteElo "1514"]
[BlackElo "1209"]
[PlyCount "57"]
[EventDate "2018.06.30"]
[EventType "swiss"]
[EventRounds "9"]
[EventCountry "CZE"]

1. e4 e6 2. d4 d5 3. e5 c5 4. Nf3 Nc6 5. c4 cxd4 6. Bf4 Bb4+ 7. Nbd2 Nge7 8. a3 Ba5 9. b4 Bc7 10. b5 Na5 11. Nxd4 Ng6 12. Qg4 Nxc4 13. N2f3 O-O 14. Bxc4 dxc4 15. O-O Nxf4 16. Qxf4 f6 17. Qg4 Qd5 18. Rfe1 Bd7 19. a4 fxe5 20. Nc2 Rf4 21. Qh3 e4 22. Rad1 Qf5 23. Qxf5 exf5 24. Rxd7 Ba5 25. Nd2 Bb6 26. Ne3 c3 27. Ndc4 Rc8 28. Nxb6 axb6 29. Rxb7 1-0

[Event "26th Klatovy B 2018"]
[Site "Klatovy CZE"]
[Date "2018.07.03"]
[Round "4.48"]
[White "Safarcik, Miroslav"]
[Black "Vavrinkova, Marie"]
[Result "1-0"]
[WhiteElo "1505"]
[BlackElo "1132"]
[PlyCount "55"]
[EventDate "2018.06.30"]
[EventType "swiss"]
[EventRounds "9"]
[EventCountry "CZE"]

1. d4 d5 2. Bg5 Nf6 3. Bxf6 exf6 4. Nf3 Bf5 5. e3 Be7 6. Be2 O-O 7. Nbd2 Re8 8. O-O Nd7 9. c4 Nf8 10. cxd5 Qxd5 11. Bc4 Qd6 12. Qb3 Be6 13. d5 Bd7 14. a3 f5 15. e4 Bf6 16. Rfe1 Ng6 17. Re2 b6 18. Rae1 Re7 19. Bd3 fxe4 20. Nxe4 Qf4 21. Nxf6+ Qxf6 22. Bxg6 Rxe2 23. Bxf7+ Qxf7 24. Rxe2 c6 25. Ne5 Qe7 26. dxc6+ Be6 27. Qb5 Rd8 28. Nd7 1-0

[Event "26th Klatovy B 2018"]
[Site "Klatovy CZE"]
[Date "2018.07.03"]
[Round "4.49"]
[White "Kovar, Michal"]
[Black "Fiala, Jonas"]
[Result "1-0"]
[WhiteElo "1492"]
[BlackElo "1000"]
[PlyCount "61"]
[EventDate "2018.06.30"]
[EventType "swiss"]
[EventRounds "9"]
[EventCountry "CZE"]

1. d4 d5 2. Bf4 Nc6 3. e3 Nf6 4. c3 Bg4 5. Be2 Qd7 6. Nd2 Bf5 7. Ngf3 h6 8. Ne5 Nxe5 9. Bxe5 Ne4 10. Nxe4 Bxe4 11. f3 Bg6 12. Qb3 c6 13. c4 a6 14. cxd5 cxd5 15. Rc1 Rc8 16. O-O e6 17. Rc3 Be7 18. Rxc8+ Qxc8 19. Bxg7 Rh7 20. Be5 f6 21. Bd3 f5 22. Qc3 Qxc3 23. bxc3 b5 24. a4 Bg5 25. f4 Bd8 26. axb5 a5 27. Bd6 Rd7 28. Bc5 Be7 29. b6 Bxc5 30. dxc5 Rd8 31. Ra1 1-0

[Event "26th Klatovy B 2018"]
[Site "Klatovy CZE"]
[Date "2018.07.03"]
[Round "4.50"]
[White "Martinek, Lukas"]
[Black "Jedlicka, Pavel"]
[Result "0-1"]
[WhiteElo "1215"]
[BlackElo "1485"]
[PlyCount "134"]
[EventDate "2018.06.30"]
[EventType "swiss"]
[EventRounds "9"]
[EventCountry "CZE"]

1. e4 Nf6 2. e5 Nd5 3. c4 Nb6 4. d4 d6 5. Nc3 Bf5 6. Bd3 e6 7. Nf3 N8d7 8. h3 f6 9. Bf4 dxe5 10. dxe5 Bb4 11. Qb3 Bxc3+ 12. Qxc3 O-O 13. Rd1 Qe7 14. Be2 g5 15. exf6 Qf7 16. Nxg5 Qxf6 17. Qxf6 Rxf6 18. Bxc7 Rg6 19. Nf3 Rc8 20. Bxb6 Nxb6 21. Nh4 Rh6 22. Nxf5 exf5 23. O-O Nxc4 24. Bxc4+ Rxc4 25. Rd8+ Kf7 26. Rd7+ Ke8 27. Rxb7 Ra6 28. a3 h5 29. Re1+ Kf8 30. Ree7 Rb6 31. Rf7+ Kg8 32. Rxb6 Kxf7 33. Rb7+ Kf6 34. Rxa7 Rc1+ 35. Kh2 Rc2 36. b4 Rxf2 37. b5 f4 38. Kg1 Rb2 39. a4 Kf5 40. Rf7+ Kg5 41. g4 fxg3 42. Rh7 Rb4 43. a5 Rxb5 44. a6 Kh4 45. Rb7 Ra5 46. a7 Kxh3 47. a8=Q Rxa8 48. Rb1 Ra2 49. Rc1 h4 50. Rb1 Rh2 51. Rb4 Rc2 52. Rb1 Rg2+ 53. Kh1 Rf2 54. Kg1 Kg4 55. Rb8 Rc2 56. Rb4+ Kf3 57. Rb3+ Ke2 58. Ra3 Rd2 59. Kg2 Ke1+ 60. Kh3 Rh2+ 61. Kg4 g2 62. Ra1+ Kf2 63. Ra2+ Ke3 64. Ra3+ Kd2 65. Ra2+ Kc3 66. Ra1 h3 67. Rg1 Rh1 0-1

[Event "26th Klatovy B 2018"]
[Site "Klatovy CZE"]
[Date "2018.07.03"]
[Round "4.51"]
[White "Safarova, Magdalena"]
[Black "Dolejs, Jakub"]
[Result "0-1"]
[WhiteElo "1172"]
[BlackElo "1447"]
[PlyCount "62"]
[EventDate "2018.06.30"]
[EventType "swiss"]
[EventRounds "9"]
[EventCountry "CZE"]

1. e4 c5 2. c3 d5 3. Bd3 d4 4. Bb5+ Bd7 5. Bxd7+ Nxd7 6. cxd4 cxd4 7. Qa4 e5 8. Nf3 Bd6 9. O-O Ngf6 10. d3 O-O 11. Na3 Nc5 12. Qd1 Re8 13. Nh4 Nfxe4 14. Qg4 Nf6 15. Qg3 e4 16. Qg5 h6 17. Qf5 Re5 18. Qh3 Rh5 19. Nc4 g5 20. g3 gxh4 21. gxh4 Nxd3 22. Bd2 Qc7 23. Nxd6 Qxd6 24. Qg2+ Kh7 25. Qg3 Rg8 26. Qxg8+ Kxg8 27. Kh1 Rxh4 28. Rg1+ Kh7 29. Rg2 Ng4 30. Rg3 e3 31. Be1 Nxe1 0-1

[Event "26th Klatovy B 2018"]
[Site "Klatovy CZE"]
[Date "2018.07.03"]
[Round "4.52"]
[White "Tomascik, Petr"]
[Black "Benes, Jachym"]
[Result "0-1"]
[WhiteElo "1427"]
[BlackElo "1386"]
[PlyCount "75"]
[EventDate "2018.06.30"]
[EventType "swiss"]
[EventRounds "9"]
[EventCountry "CZE"]

1. d4 d5 2. c4 e6 3. cxd5 exd5 4. Nc3 Nf6 5. Bg5 Be7 6. e3 O-O 7. Bd3 Be6 8. Rc1 Nbd7 9. Bb1 c5 10. Nge2 h6 11. Bh4 Rc8 12. h3 a6 13. Qd3 b5 14. a3 Qb6 15. O-O b4 16. axb4 cxb4 17. Na4 Qa5 18. b3 Bd6 19. Bg3 Bxg3 20. Nxg3 Rfe8 21. Nh5 Rxc1 22. Nxf6+ Nxf6 23. Rxc1 Bd7 24. Nc5 Bb5 25. Qf5 Qa3 26. Rc2 Ne4 27. Nxe4 dxe4 28. Rc8 Qxb3 29. Qxe4 Rxc8 30. Qh7+ Kf8 31. Qh8+ Ke7 32. Qxc8 Qxb1+ 33. Kh2 Qg6 34. Qc7+ Bd7 35. Qe5+ Qe6 36. Qxg7 b3 37. Qh8 b2 38. d5 0-1

[Event "26th Klatovy B 2018"]
[Site "Klatovy CZE"]
[Date "2018.07.03"]
[Round "4.53"]
[White "Valdman, Jakub"]
[Black "Ruzickova, Helena"]
[Result "1/2-1/2"]
[WhiteElo "1066"]
[BlackElo "1422"]
[PlyCount "54"]
[EventDate "2018.06.30"]
[EventType "swiss"]
[EventRounds "9"]
[EventCountry "CZE"]

1. e4 d6 2. Nf3 g6 3. Nc3 c6 4. d3 Bg7 5. Bd2 Nf6 6. Be2 Qc7 7. Qc1 h6 8. d4 e5 9. d5 Nbd7 10. O-O Nb6 11. a4 a6 12. a5 Nbd7 13. b4 c5 14. b5 Nh5 15. Nh4 Qd8 16. g3 Ndf6 17. f4 Bh3 18. Rf2 Ng4 19. Bxg4 Bxg4 20. fxe5 dxe5 21. Qf1 f6 22. Nxg6 Rh7 23. bxa6 bxa6 24. Na4 Qc8 25. Nb6 Bh3 26. Qe1 Qg4 27. Nxa8 Qg5 1/2-1/2

[Event "26th Klatovy B 2018"]
[Site "Klatovy CZE"]
[Date "2018.07.03"]
[Round "4.54"]
[White "Jelinek, Frantisek"]
[Black "Fekete, Frantisek 1941"]
[Result "1-0"]
[WhiteElo "1039"]
[BlackElo "1383"]
[PlyCount "46"]
[EventDate "2018.06.30"]
[EventType "swiss"]
[EventRounds "9"]
[EventCountry "CZE"]

1. e4 e5 2. Nf3 Nc6 3. Bc4 Nf6 4. d3 Bc5 5. Be3 Bb6 6. O-O d6 7. Nc3 O-O 8. d4 exd4 9. Nxd4 Ne5 10. Bd3 Nfg4 11. Nd5 Nxe3 12. fxe3 c5 13. Nf5 Be6 14. Be2 Re8 15. Bb5 Rf8 16. Nde7+ Kh8 17. Qxd6 Qxd6 18. Nxd6 a6 19. Ba4 Bd8 20. Nef5 b5 21. Nxb5 axb5 22. Bxb5 Bf6 23. Nh6 Bf5 1-0

[Event "26th Klatovy B 2018"]
[Site "Klatovy CZE"]
[Date "2018.07.03"]
[Round "4.55"]
[White "Svejdar, Petr"]
[Black "Stanke, Vilem"]
[Result "1-0"]
[WhiteElo "1163"]
[BlackElo "1366"]
[PlyCount "51"]
[EventDate "2018.06.30"]
[EventType "swiss"]
[EventRounds "9"]
[EventCountry "CZE"]

1. e4 e5 2. Nf3 Nc6 3. d4 exd4 4. Nxd4 Bc5 5. Be3 Qf6 6. c3 a5 7. Bc4 Nh6 8. O-O O-O 9. Na3 Bxa3 10. bxa3 Ne5 11. Be2 d6 12. f3 c5 13. Nb5 Ra6 14. Nc7 Rc6 15. Nd5 Qg6 16. Ne7+ Kh8 17. Nxg6+ Nxg6 18. Bxh6 gxh6 19. Qd2 Rg8 20. g4 Ne5 21. Rf2 h5 22. h3 b5 23. Rg2 hxg4 24. hxg4 Be6 25. Rb1 Bc4 26. Qc2 1-0